000 01212nam a2200349 c 4500
003 BLK
005 20180420230301.0
008 180409b bul|||||r ||||||| ||bul||
010 _aKNG00109436000
020 _a954-528-403-Х
_bиздат.: Труд
040 _aBLK
041 _aBUL
_cBUL
080 _aАквариуми
_b639.3.045
_x(035)
_z639.3.045(035)
100 1 _aБогоева, Румяна
_eпърви автор
_9309892
139 _aБогоева, Румяна
_bБ 55
245 1 0 _aЕнциклопедия на аквариумните рибки
_cРумяна Богоева.
257 _aBGR
260 София
_bТруд
_c2003
_fСофия : Миско принт
300 _a168 с.
_bс ил.
_c23 см
380 _a63
500 _aОфс. изд. - 400 тир. - Азб. показалец.
650 4 _aАквариуми - справочници
_9309893
650 4 _aРиби - справочници
_9309894
653 _aаквариуми
653 _aдекоративни риби
653 _aсправочници
852 _aЦб 216987
856 4 _qpdf
_u
856 4 _qpdf
_u
942 _cKNG
_n0
944 _aCR
_c08.12.2003
_kКети_Илиева
944 _aED
_c01.02.2013
_k
999 _c104332
_d104332